[Event "Dyfed op 47th"]
[Site "Fishguard"]
[Date "2018.02.16"]
[Round "1"]
[White "Young, Alan J"]
[Black "Howell, Alun"]
[Result "1-0"]
[WhiteElo "2036"]
[BlackElo "1691"]
[PlyCount "65"]
[EventDate "2018.02.16"]
[EventType "swiss"]
[EventRounds "5"]
[EventCountry "WLS"]
[SourceTitle "EXT 2020"]
[Source "ChessBase"]
[SourceDate "2019.10.17"]
[SourceVersion "1"]
[SourceVersionDate "2019.10.17"]
[SourceQuality "1"]

1. e4 c5 2. Nf3 d6 3. d4 cxd4 4. Nxd4 Nf6 5. Nc3 a6 6. h3 g6 7. g4 Bg7 8. Be3 Nc6 9. Bg2 0-0 10. 0-0 Bd7 11. a4 Qc7 12. g5 Ne8 13. Nd5 Qd8 14. Nxc6 Bxc6 15. c3 b5 16. axb5 Bxb5 17. Re1 e6 18. Nb4 a5 19. Nc2 Rb8 20. Nd4 Qc7 21. Nxb5 Rxb5 22. Qd2 f6 23. h4 fxg5 24. hxg5 Rf7 25. Reb1 Rd7 26. Ra4 d5 27. Qd3 Qb7 28. exd5 exd5 29. c4 Rxb2 30. Rxb2 Qxb2 31. cxd5 Nc7 32. d6 Nb5 33. Qc4+ 1-0

[Event "Dyfed op 45th"]
[Site "Fishguard"]
[Date "2016.02.27"]
[Round "3"]
[White "Howell, Alun"]
[Black "Haigh, Tony"]
[Result "1/2-1/2"]
[WhiteElo "1699"]
[BlackElo "1814"]
[PlyCount "56"]
[EventDate "2016.02.26"]
[EventType "swiss"]
[EventRounds "5"]
[EventCountry "WLS"]
[SourceTitle "EXT 2018"]
[Source "ChessBase"]
[SourceDate "2017.10.13"]
[SourceVersion "1"]
[SourceVersionDate "2017.10.13"]
[SourceQuality "1"]

1. Nf3 d5 2. d4 Nf6 3. c4 e6 4. Nc3 Nbd7 5. e3 b6 6. cxd5 exd5 7. Bb5 Bb4 8. 0-0 0-0 9. Bd2 Bb7 10. Rc1 a6 11. Bd3 Re8 12. a3 Bd6 13. Qb3 Nf8 14. Ne2 Ne6 15. Bb4 Bxb4 16. Qxb4 Qe7 17. Qxe7 Rxe7 18. b4 Nd7 19. Bf5 c6 20. Rc2 b5 21. Rfc1 Nb6 22. Ne5 Nc4 23. Nxc4 bxc4 24. Nc3 Bc8 25. Rb2 Nc7 26. Bxc8 Rxc8 27. a4 Rb8 28. Rcb1 Re6 1/2-1/2

[Event "Politiken Cup 37th"]
[Site "Helsingor"]
[Date "2015.07.31"]
[Round "8"]
[White "Howell, Alun"]
[Black "Franzen, Per Erik"]
[Result "0-1"]
[WhiteElo "1732"]
[BlackElo "1988"]
[PlyCount "70"]
[EventDate "2015.07.25"]
[EventType "swiss"]
[EventRounds "10"]
[EventCountry "DEN"]
[SourceTitle "CBM 167 Extra"]
[Source "ChessBase"]
[SourceDate "2015.09.14"]
[SourceVersion "1"]
[SourceVersionDate "2015.09.14"]
[SourceQuality "1"]

1. Nf3 c5 2. c4 e6 3. Nc3 Nf6 4. g3 Nc6 5. Bg2 Be7 6. d3 0-0 7. 0-0 d5 8. cxd5 exd5 9. Bf4 d4 10. Nb5 Nd5 11. Bd2 Re8 12. Rc1 Bf5 13. Re1 Rc8 14. Na3 Ncb4 15. Nc2 Nxa2 16. Ra1 Nab4 17. Nxb4 Nxb4 18. Bxb4 cxb4 19. Nd2 Qb6 20. Nc4 Rxc4 21. dxc4 b3 22. e4 Bb4 23. Re2 Bg4 24. f3 d3+ 25. Rf2 Bc5 26. Qd2 Be3 27. Qe1 d2 28. Qe2 Be6 29. Bf1 Rc8 30. Kg2 Rxc4 31. Rd1 Rc2 32. Qd3 Bxf2 33. Rxd2 Rxd2 34. Qxd2 Be3 35. Qc3 Qc5 0-1

[Event "Olomouc Seniors op"]
[Site "Olomouc"]
[Date "2009.08.07"]
[Round "2"]
[White "Simek, Jiri"]
[Black "Howell, Alun"]
[Result "1-0"]
[WhiteElo "2141"]
[BlackElo "1890"]
[PlyCount "55"]
[EventDate "2009.08.06"]
[EventType "swiss"]
[EventRounds "9"]
[EventCountry "CZE"]
[SourceTitle "EXT 2012"]
[Source "ChessBase"]
[SourceDate "2011.11.24"]
[SourceVersion "1"]
[SourceVersionDate "2011.11.24"]
[SourceQuality "1"]

1. e4 c5 2. Nf3 d6 3. d4 cxd4 4. Nxd4 Nf6 5. Nc3 a6 6. Be2 e6 7. f4 Qc7 8. Be3 Nc6 9. 0-0 Be7 10. Qe1 Nxd4 11. Bxd4 b5 12. a3 Bb7 13. Bf3 e5 14. Be3 Qc4 15. Be2 Qc7 16. Bd3 d5 17. exd5 Nxd5 18. Nxd5 Bxd5 19. fxe5 Qxe5 20. Rf5 Qd6 21. Rd1 Qc6 22. Bd4 Rd8 23. Qe5 f6 24. Qe2 Kf7 25. c3 Bc5 26. Rf4 Bd6 27. Qh5+ Kf8 28. Rxf6+ 1-0

[Event "South Wales op 3rd"]
[Site "Caerleon"]
[Date "2006.07.11"]
[Round "5.26"]
[White "Howell, Alun"]
[Black "Lazarus, Samuel"]
[Result "0-1"]
[WhiteElo "1198"]
[BlackElo "1544"]
[PlyCount "72"]
[EventDate "2006.07.08"]
[EventType "swiss"]
[EventRounds "9"]
[EventCountry "WLS"]
[SourceTitle "CBM 113 Extra"]
[Source "ChessBase"]
[SourceDate "2006.09.14"]
[SourceVersion "1"]
[SourceVersionDate "2006.09.14"]
[SourceQuality "1"]

1. d4 d5 2. c4 c6 3. Nc3 dxc4 4. e4 b5 5. Nf3 Bb7 6. g3 Nf6 7. Bg2 b4 8. e5 Nd5 9. Nxd5 cxd5 10. e6 f6 11. Nh4 g6 12. Qg4 Qb6 13. 0-0 Na6 14. Re1 0-0-0 15. Be3 g5 16. Nf3 h5 17. Qf5 Nc7 18. Rac1 a5 19. b3 c3 20. a3 Qxe6 21. Qxe6+ Nxe6 22. axb4 axb4 23. Ra1 Nc7 24. Ra4 e6 25. Rc1 Bd6 26. Ne1 h4 27. Nd3 Bc6 28. Ra5 Bb5 29. Nc5 Bxc5 30. dxc5 d4 31. Bxd4 Rxd4 32. Bh3 g4 33. Bg2 c2 34. Ra2 Rd1+ 35. Rxd1 cxd1Q+ 36. Bf1 Qxf1# 0-1

[Event "South Wales op 3rd"]
[Site "Caerleon"]
[Date "2006.07.09"]
[Round "3.24"]
[White "Varley, Peter"]
[Black "Howell, Alun"]
[Result "1-0"]
[WhiteElo "2228"]
[BlackElo "1198"]
[PlyCount "101"]
[EventDate "2006.07.08"]
[EventType "swiss"]
[EventRounds "9"]
[EventCountry "WLS"]
[SourceTitle "CBM 113 Extra"]
[Source "ChessBase"]
[SourceDate "2006.09.14"]
[SourceVersion "1"]
[SourceVersionDate "2006.09.14"]
[SourceQuality "1"]

1. d4 f5 2. h3 Nf6 3. g4 e6 4. gxf5 exf5 5. Nc3 d5 6. Bg5 Nbd7 7. Nxd5 b6 8. Bg2 Rb8 9. Qd3 g6 10. Qe3+ Kf7 11. Qb3 Kg7 12. Nf4 Qe7 13. Ne6+ Kg8 14. Nxc7+ Qf7 15. Nd5 Bg7 16. Bf4 Bb7 17. Nxf6+ Bxf6 18. Bxb7 Rxb7 19. Nf3 Qxb3 20. axb3 Kg7 21. c3 Re8 22. Kd2 b5 23. Ra6 Nb6 24. Rha1 Rbe7 25. Rxa7 Nd7 26. e3 h6 27. Bd6 Rf7 28. Ra8 Re6 29. R1a6 g5 30. Bh2 Nb6 31. R8a7 Be7 32. Ne5 Rff6 33. Rxb6 f4 34. Rxe6 fxe3+ 35. fxe3 Rxe6 36. d5 Rf6 37. Rxe7+ Kf8 38. Rf7+ Rxf7 39. Nxf7 Kxf7 40. e4 Ke7 41. e5 h5 42. e6 g4 43. hxg4 hxg4 44. Bg3 Kd8 45. d6 Ke8 46. d7+ Kd8 47. Bh4+ Kc7 48. d8Q+ Kc6 49. Qd7+ Kb6 50. Bf2+ Ka5 51. Qa7# 1-0